| 000 | 00421nam a22001457a 4500 | ||
|---|---|---|---|
| 008 | 151012b xxu||||| |||| 00| 0 eng d | ||
| 020 | _a0739426486 | ||
| 050 | _aSPE PS 3562 .A7278 2000 | ||
| 100 |
_aLarriva, Barbara. _d2000. |
||
| 245 | _aPoppy: | ||
| 260 |
_aNew York: _bGarden City, _c2000. |
||
| 300 | _a150p. | ||
| 650 | _aEnglish-fiction | ||
| 942 |
_2lcc _cSH_L_BOOKS _hSPE PS 3562 .A7278 2000 |
||
| 999 |
_c8443 _d8443 |
||